000 00422nam a2200169Ia 4500
003 GCL
008 140319s9999 xx 000 0 eng d
040 _aGCL /
_cGCL
082 0 4 _a745.592
_bFE
100 1 _aFORDE, TERRY
245 1 0 _aEASY - TO - MAKE WOODEN TOYS /
_cFORDE, TERRY
260 _a[S.N] :
_bDAVID & CHARLES ،
_c1984
300 _a136 P
650 0 4 _aWOOD TOY MAKING
650 0 4 _aTOYS
942 _2ddc
_cBK
999 _c20670
_d20670